MARC

LEADER 00000naa a2200000 a 4500
003 Arxiu
005 20260324181027.0
008 160829s1953 spc xx s spa c
040 |a agdb 
245 |a Becas a estudiantes 
490 |a San Jorge,   |v núm. 10 (abril 1953), pàg 72 
590 |a Beques otorgades per a l'Escola d'Enginyers Industrials, l'Escola de Peritos Industrials, l'Escola de Bibliotecàries, l'Escuela Especial de Tejidos de Punto (Canet de Mar), la Residència Universitària Ramón Llull, l'Escola Pràctica d'Agricultura de Caldes de Montbui i la Universitat de Barcelona. 
650 0 |a Beques  |9 21716  |z Barcelona (Província)  |y 1952-1953 
650 0 |a Estudiants universitaris  |x Beques  |9 54774  |z Barcelona (Província) 
773 |g Núm. 10 (abril 1953), pàg 72  |t San Jorge. 
901 |a Arxiu 
942 |n 1  |2 udc  |c ART 
952 |0 0  |1 0  |4 0  |6 REV508  |7 1  |9 64389  |a Arxiu  |b Arxiu  |d 2022-11-28  |o Rev-508  |r 2022-11-28 00:00:00  |w 2022-11-28  |y ARXIU  |z També disponible a Rev-522 
999 |c 44224  |d 44224